| 000 | 00536nam a2200181Ia 4500 | ||
|---|---|---|---|
| 999 |
_c32627 _d32627 |
||
| 003 | OSt | ||
| 005 | 20201013100511.0 | ||
| 008 | 190216s9999||||xx |||||||||||||| ||und|| | ||
| 020 | _a9788178796178 | ||
| 040 | _coclc | ||
| 082 |
_a796.069 _bBHA/C |
||
| 100 |
_aBhardwaj, Ramesh _95627 |
||
| 245 | 4 |
_aThe Coach And Sports Management / _cRamesh Bhardwaj |
|
| 260 |
_bSports Publication, _c2011. _aNew Delhi: |
||
| 300 | _a248p | ||
| 650 | _aPhysical Education | ||
| 942 |
_cBK _2ddc _h796.069 _iBHA/C _k796.069 _mBHA/C |
||